000 00507nam a2200193 4500
999 _c9072
_d9072
001 1010339
003 GBCCL
005 20241126110704.0
008 740806s1974 cau 000 0 eng
010 _a74175983
040 _aDLC
_cDLC
_dm.c.
_dCNC
082 _a248.842
_bGET
100 1 _aGetz, Gene A
_93083
245 1 4 _aThe measure of a man,
_cby Gene A. Getz
260 _aGlendale, Calif.,
_bG/L Regal Books
_c[1974]
300 _a219 p.
_c18 cm
650 0 _aMen
_xReligious life
_9566
942 _2ddc
_cBK